01455nam a2200337 a 4500001001000000003000500010005001700015008004100032010001100073011001100084040000900095090001000104100004700114245014900161260004100310500006000351502014500411590004100556590004000597590004000637650003200677650002800709650002500737856007000762901000700832942001000839942000600849999001900855952011900874952012400993000109672CHAP20220329144059.0140519s2014 mx sm |||||||spa d a106134 a107106 cCHAP aTesis1 aMartínez Castellanos, Telésforo97190310aMetodología para la selección y aplicación de sistemas fotovoltaicos a invernaderosh[En línea]cpor Telésforo Martínez Castellanos. aChapingo, Méx. :bEl autor,c2014. aPara ver el contenido del material haga clic en la liga aTesis (MC. en Ingeniería Agrícola y Uso Integral del Agua) -- UACH. Departamento de Mecánica Agrícola y Departamento de Irrigación aBATCH-UPDb05c20141002lUCH01h0904 aE5765TAJb05c20140519lUCH01h1331 aE5765TAJb05c20140519lUCH01h133214aEnergía renovable.93691014aEnergía solar.93691114aInvernaderos.960172 aFinding aiduhttp://10.13.5.2/tesis/sist109672.pdfzTeclea aquí aBK cTESIS n0 c106134d106134 00102local40718TESISaBCbBCd2014-05-19fTESISl0oTesisp33724002407603r2019-12-31 00:00:00w2014-05-19yCD 00102local40718TESISaBCbBCd2014-05-19fTESISl0oTesisp33724002407644r2019-12-31 00:00:00tc.2w2014-05-19yCD